| 000 | 00694nam a22001097a 4500 | ||
|---|---|---|---|
| 082 | _a398 | ||
| 100 |
_aसंपादक, बृज किशोर कुठियाला, प्रो संजीव कुमार शर्मा,प्रो श्रीप्रकाश सिंह _983584 |
||
| 245 |
_aलोक परम्पराओं में स्व का बोध _bलोक के स्व पर आधारित भारत के पुनरूत्थान की संकल्पना |
||
| 260 |
_aनई दिल्ली _bकिताबवाले _c2022 |
||
| 650 |
_aलोक साहित्य _949621 |
||
| 942 | _cHIN | ||
| 999 |
_c68528 _d68528 |
||